header

Understanding contemporary society (Record no. 1872)

MARC details
000 -LEADER
fixed length control field 01286nam a2200325Ia 4500
245 00 - TITLE STATEMENT
Title Understanding contemporary society
260 ## - PUBLICATION, DISTRIBUTION, ETC. (IMPRINT)
Place of publication London ;
-- Thousand Oaks, Calif. :
Name of publisher Sage Publications,
Year of publication 2000.
300 ## - PHYSICAL DESCRIPTION
Number of Pages xvii, 502 p.
650 #0 - SUBJECT ADDED ENTRY--TOPICAL TERM
Topical Term Sociology
Topical Term Social sciences
700 1# - ADDED ENTRY--PERSONAL NAME
Personal name Browning, Gary K.
Personal name Halcli, Abigail.
Personal name Webster, Frank.
856 40 - ELECTRONIC LOCATION AND ACCESS
Uniform Resource Identifier http://site.ebrary.com/lib/rucke/Doc?id=10285221

No items available.

© 2026 Rongo University
Contact us: librarian | system librarian | Rongo university